Les albums musicaux les plus vendus du monde - Statistiques

Statistiques générales
  • Ce quiz a été pris 143 fois
  • Le résultat moyen est 28 sur 97
Statistiques - réponses
Ventes
(en millions)
Année Titre Artiste % Correct
70 1982 Thriller Michael Jackson
95%
30 à 45 1987 Bad Michael Jackson
95%
30 à 32 1991 Dangerous Michael Jackson
95%
20 1995 HIStory: Past, Present and Future – Book I Michael Jackson
95%
20 1979 Off the Wall Michael Jackson
95%
32 1967 Sgt. Pepper's Lonely Hearts Club Band The Beatles
79%
31 à 32 2000 1 The Beatles
79%
30 1969 Abbey Road The Beatles
79%
20 1968 (Nom du Groupe) The Beatles
79%
50 1980 Back in Black AC/DC
75%
28 à 30 1999 ...Baby One More Time Britney Spears
68%
20 2000 Oops!... I Did It Again Britney Spears
68%
30 1991 Nevermind Nirvana
67%
45 à 50 1973 The Dark Side of the Moon Pink Floyd
65%
30 1979 The Wall Pink Floyd
65%
30 1990 The Immaculate Collection Madonna
60%
26 1986 True Blue Madonna
60%
21 à 25 1984 Like a Virgin Madonna
60%
20 1998 Ray of Light Madonna
60%
42 1976 Their Greatest Hits (1971–1975) Eagles
58%
32 1976 Hotel California Eagles
58%
25 1981 Greatest Hits Queen
50%
20 1995 Made in Heaven Queen
50%
27 2000 The Marshall Mathers LP Eminem
48%
22 2002 The (Nom de l'Artiste) Show Eminem
48%
20 1957 Elvis' Christmas Album Elvis Presley
47%
30 1991 Black Album Metallica
46%
20 1984 Purple Rain Prince and the Revolution
46%
25 1985 (Nom de l'Artiste) Whitney Houston
46%
20 1987 Whitney Whitney Houston
46%
30 1984 Born in the U.S.A. Bruce Springsteen
40%
24 à 30 1996 Spice Spice Girls
39%
20 1997 Spiceworld Spice Girls
39%
35 2011 21 Adele
37%
20 2015 25 Adele
37%
37 1971 (Nom du Groupe) IV Led Zeppelin
34%
20 1993 Janet Janet Jackson
31%
20 1989 (Nom de l'Artiste)'s Rhythm Nation 1814 Janet Jackson
31%
24 à 40 1999 Millennium Backstreet Boys
28%
24 à 28 1997 Backstreet's Back Backstreet Boys
28%
24 2000 Black & Blue Backstreet Boys
28%
30 à 31 1973 Goodbye Yellow Brick Road Elton John
24%
30 1987 Appetite for Destruction Guns N' Roses
24%
24 à 27 2000 Hybrid Theory Linkin Park
23%
20 1979 Breakfast in America Supertramp
23%
40 1977 Rumours Fleetwood Mac
22%
22 1995 (What's the Story) Morning Glory? Oasis
22%
30 1985 Brothers in Arms Dire Straits
21%
29 1992 (Nom du Groupe) Gold - Greatest Hits ABBA
20%
25 à 28 1987 The Joshua Tree U2
19%
32 1996 Falling into You Céline Dion
14%
31 1997 Let's Talk About Love Céline Dion
14%
22 1999 All The Way... A Decade of Song Céline Dion
14%
20 1993 The Colour of My Love Céline Dion
14%
20 1998 Believe Cher
12%
32 1993 Music Box Mariah Carey
12%
25 1995 Daydream Mariah Carey
12%
20 1994 Dookie Green Day
11%
33 1995 Jagged Little Pill Alanis Morissette
9%
25 1984 Legend Bob Marley and the Wailers
8%
20 2004 Confessions Usher
8%
26 1992 Unplugged Eric Clapton
7%
43 1977 Bat Out of Hell Meat Loaf
7%
28 1986 Slippery When Wet Bon Jovi
6%
20 1994 Cross Road Bon Jovi
6%
25 1970 Bridge over Troubled Water Simon and Garfunkel
6%
23 1992 Happy Nation / The Sign Ace of Base
5%
20 1987 Hysteria Def Leppard
5%
20 1987 Faith George Michael
5%
40 1997 Come On Over Shania Twain
5%
20 1995 The Woman in Me Shania Twain
5%
20 2002 Up! Shania Twain
5%
20 2002 Let Go Avril Lavigne
4%
20 à 30 1979 Spirits Having Flown Bee Gees
4%
22 1999 No Angel Dido
4%
25 1985 No Jacket Required Phil Collins
3%
27 à 30 1999 Supernatural Santana
3%
20 2001 Laundry Service Shakira
3%
20 1984 Private Dancer Tina Turner
3%
22 à 25 1971 Tapestry Carole King
2%
25 à 30 1968 In-A-Gadda-Da-Vida Iron Butterfly
2%
25 à 26 2002 Come Away with Me Norah Jones
2%
20 1999 Human Clay Creed
1%
22 à 23 1993 CrazySexyCool TLC
1%
20 1997 Romanza Andrea Bocelli
0%
20 1980 Guilty Barbra Streisand
0%
20 1992 Some Gave All Billy Ray Cyrus
0%
20 1978 Parallel Lines Blondie
0%
20 1976 (Nom du Groupe) Boston
0%
22 1983 She's So Unusual Cyndi Lauper
0%
25 1994 Cracked Rear View Hootie and the Blowfish
0%
30 à 35 1978 The Gambler Kenny Rogers
0%
20 1983 Can't Slow Down Lionel Richie
0%
22 1999 (Nom de l'Artiste) Ricky Martin
0%
20 1969 Tommy Tommy
0%
20 1996 Secrets Toni Braxton
0%
20 1988 (Nom de l'Artiste) Tracy Chapman
0%
Aucun quiz correspondant
Distribution des résultats
% des personnes avec chaque résultat
Percentile par nombre de réponses
Votre historique - résultats
Vous n’avez pas pris ce quiz